Project Management: Achieving Competitive Advantage / (Record no. 175587)

MARC details
000 -LEADER
fixed length control field 00749nam a22002057a 4500
005 - DATE AND TIME OF LATEST TRANSACTION
control field 20200910120003.0
010 ## - LCCN (DPL NO)
LC control number ENG-128399
020 ## - INTERNATIONAL STANDARD BOOK NUMBER
Terms of availability 725.00
International Standard Book Number 9789389552034
035 ## - SYSTEM CONTROL NUMBER
System control number EN-111931
037 ## - SOURCE OF ACQUISITION
Source of stock number/acquisition DBAD/PUB
082 ## - DEWEY DECIMAL CLASSIFICATION NUMBER
Classification number 658.404
100 ## - MAIN ENTRY--PERSONAL NAME
Personal name Pinto, Jeffrey K.
245 ## - TITLE STATEMENT
Title Project Management: Achieving Competitive Advantage /
Statement of responsibility, etc by Jeffrey K. Pinto
250 ## - EDITION STATEMENT
Edition statement 5th edition
260 ## - PUBLICATION, DISTRIBUTION, ETC. (IMPRINT)
Place of publication, distribution, etc Noida
Name of publisher, distributor, etc Pearson
Date of publication, distribution, etc 2020
270 ## - ADDRESS
Address 15th floor,Tower-B,Word Trade Tower,Plot no.1,Block-C sec 16,
City Noida
Postal code 201301
Telephone number 04466540100
Electronic mail address companysecretary.india@pearson.com
300 ## - PHYSICAL DESCRIPTION
Extent xxii; 564p.
Dimensions 28cm(pbk)
Other physical details illustrations, pictures, tables and graphs
500 ## - GENERAL NOTE
General note Includes Subject Index, Glossary
942 ## - ADDED ENTRY ELEMENTS (KOHA)
Source of classification or shelving scheme Dewey Decimal Classification
Item type English Books
Classification part 658.404
Call number suffix PIN
Holdings
Withdrawn status Lost status Not for loan Collection code Home library Current library Date acquired Source of acquisition Cost, normal purchase price Full call number Barcode Cost, replacement price Koha item type
      Non-fiction Bawana Bawana 10/09/2020 DBAD/PUB 725.00 658.404 PIN EN-111931 725.00 English Books

© Delhi Public Library
Hit Counter
free hit counter